00361nam a2200145Ia 4500008004000000041000800040082001200048100001600060245004300076260004100119650001800160650001200178650001700190650000800207210210b1954 xxu||||| |||| 00| 0 eng d aeng a824/317 aSPRAGUE (A) aShakespearean players and performances aLondonbAdam and Charles Blackc1954 aShakespearean aplayers aperformances aand